000 00693nam a2200265 a 4500
003 AR-BaBNM
005 20251128203532.0
008 082120s2002 ||||||||||||||000 | spa||
040 _cAR-BaBNM
100 1 _aHenriquez Ureña, Pedro
245 0 0 _aLa versificación irregular en la poesía castellana
250 _a2ª ed.
260 _aMadrid
_bCentro de Estudios Históricos
_c1933
300 _avi, 369 p.
650 4 _aLITERATURA ESPAÑOLA
650 4 _aANALISIS LITERARIO
650 4 _aPOESIA
650 4 _aRECURSOS LITERARIOS
653 _aCANCIONEROS
653 _aMETRICA
655 _aLITERATURA
700 1 _aMenéndez Pidal, Ramón
942 _cBK
998 _cisola
999 _c3834
_d3834